| 000 | 01140nam a22003377a 4500 | ||
|---|---|---|---|
| 003 | CHAP | ||
| 005 | 20220329133436.0 | ||
| 008 | 971013s1992 r 00010 d | ||
| 010 | _a6429 | ||
| 011 | _a7401 | ||
| 035 | _a6624 | ||
| 040 | _cCHAP | ||
| 090 | _aTesis | ||
| 100 | 0 | 0 |
_aMuñoz Gutiérrez, Rogelio. _979606 |
| 245 | _aFactores que influyen en la producción de chapa desenrollada en el estado de Campeche | ||
| 260 |
_aChapingo, Méx. : _bEl autor, _c1992 |
||
| 300 |
_a57 h. _b: ilus. |
||
| 500 | _a62-70 | ||
| 502 | _aTesis (Ing. For. con Orientación en Industrias Forestales) -- UACH. División de Ciencias Forestales | ||
| 590 |
_aALEPH _b10 _c20130110 _lUCH01 _h1219 |
||
| 590 |
_aBATCH-UPD _b10 _c20130110 _lUCH01 _h1747 |
||
| 590 |
_aBATCH-UPD _b10 _c20130410 _lUCH01 _h1125 |
||
| 590 |
_aBATCH-UPD _b10 _c20130914 _lUCH01 _h1635 |
||
| 590 |
_aCONVERSION _b10 _c20130109 _lUCH01 _h1305 |
||
| 650 | 1 | 4 |
_aIndustria maderera _xCampeche. _957873 |
| 650 | 1 | 4 |
_aMaderas laminadas. _969669 |
| 650 | 1 | 4 |
_aProductos forestales _xCampeche. _992066 |
| 901 | _aBK | ||
| 942 | _cTESIS | ||
| 949 |
_bBC _cTES _d-16232 _eTS1 _h25109 _i6624 _si |
||
| 999 |
_c6429 _d6429 |
||